00610nam a2200145 a 4500008004100000050001800041245005500059246001800114260004000132300002200172350000900194995011000203999001700313952013400330120416s1972 ||||||||||||||||| || u aGB 1197.7 Nef10aDeciphering of groundwater from aerial photographs aK. E. Nefedov aNew DelhibAmerind Publishingc1972 axii, 191p. : ill. a0.00 D0.00FCBU-MAIN LIBRARY (Kitwe)H1I60.00M1UAVAILABLEWFeb 22, 2007ZMain Library Open Access Collection c39507d39507 00102lcc4070a001b001cMain Library Open Access Collectiond2022-11-30l0oGB 1197.7 Nefp002218r2022-11-30w2022-11-30y002